Peinture par lettre - M - Statistiques

Statistiques générales
  • Ce quiz a été pris 65 fois
  • Le résultat moyen est 13 sur 20
Statistiques - réponses
Indices Réponses % Correct
Peintre français et l'un des fondateurs de l'impressionnisme qui aura réalisé de nombreux Nymphéas depuis Giverny Claude Monet
98%
Artiste italien qui a peint la chapelle Sixtine et sculpté David ainsi que la Pietà Michel-Ange
96%
Peintre français des œuvres Le Déjeuner sur l'herbe et Olympia Édouard Manet
93%
Peintre expressionniste norvégien de l'œuvre Le Cri Edvard Munch
89%
En art, personne qui se laisse observer par un ou plusieurs artistes ou étudiants en vue de la réalisation d'un ouvrage modèle
89%
Tableau entièrement peint d'une seule couleur monochrome
89%
Artiste belge peignant notamment une pipe qui n'en est pas une René Magritte
88%
L'un des deux musées d'art de New York les plus visités Met | MoMA
84%
Son assassinat dans sa baignoire par Charlotte Corday durant la Révolution française lui a valu une des plus célèbres toiles de Jacques-Louis David Jean-Paul Marat
79%
Nom communément donné à La Persistance de la mémoire, œuvre la plus célèbre de Salvador Dalí Les {montres} {molles}
71%
La fresque et l'art pariétal en sont peinture {murale}
71%
Chef de file du fauvisme, ce peintre français est notamment connu pour son Nu bleu Henri Matisse
59%
Portrait le plus célèbre de Diego Vélasquez Les {Ménines}
57%
Peintre néerlandais considéré comme l'un des pionniers de l'abstraction, il est notamment connu pour ses rectangles noirs remplis de couleurs Piet Mondrian
50%
Peintre français de L'Angélus et Des glaneuses appartenant à l'école de Barbizon Jean-François Millet
48%
Peintre surréaliste catalan exposé notamment au Centre Pompidou et ayant réalisé La Ferme et Le Carnaval d’Arlequin Joan Miró
38%
Peintre française cofondatrice de l'impressionnisme connue pour Le Berceau ou encore Vue du petit port de Lorient Berthe Morisot
36%
Peintre et sculpteur italien de l'École de Paris mort à 35 ans, il incarne l'artiste maudit et aura peint de nombreux nus et portraits Amedeo Modigliani
34%
En arts, forme esthétique à répétitions motif
21%
Peintre française dont le travail a souvent été occulté du fait d'avoir été muse et amante de Picasso Dora Maar
16%
Aucun quiz correspondant
Distribution des résultats
% des personnes avec chaque résultat
Percentile par nombre de réponses
Votre historique - résultats
Vous n’avez pas pris ce quiz